| 000 | 01211nam a2200301 a 4500 | ||
|---|---|---|---|
| 001 | BRCA_6262 | ||
| 005 | 20190320205405.0 | ||
| 008 | 290711s2011----mx-a######---#000-0#spa-# | ||
| 020 | _a9786076050446 | ||
| 041 | _aspa | ||
| 044 | _amx | ||
| 050 | 4 |
_aGN434 _b.V84 2011 |
|
| 245 | 1 | 0 |
_aEl vuelo de las imágenes _barte plumario en México y Europa = Images Take Flight : Feather Art in Mexico and Europe _ctexto de Alessandra Russo, Gerhard Wolf, Diana Fane curadores de la exposición. |
| 260 |
_aMéxico _bINBA : INAH _c2011 |
||
| 300 |
_a37 p. _bil. a color _c28 cm. |
||
| 500 | _aIncluye lista catalográfica | ||
| 500 | _aIncluye piezas de la colección Franz Mayer: p. 17-18 y 28 | ||
| 500 | _aCatálogo de la exposición realizada en el Museo Nacional de Arte (Ciudad de México), 24 marzo - 19 junio, 2011 | ||
| 500 | _a2do. ejemplar en el Área de Investigación | ||
| 546 | _aTexto en : español e inglés | ||
| 650 | 1 | 4 |
_aArte plumario _zMéxico _915715 |
| 650 | 1 | 4 |
_aArte plumario _zEuropa _915716 |
| 700 | 1 |
_aRusso, Alessandra _915717 |
|
| 700 | 1 |
_aWolf, Gerhard _915718 |
|
| 700 | 1 |
_aFane, Diana _9532 |
|
| 740 | 0 | _aImages Take Flight : Feather Art in Mexico and Europe | |
| 942 |
_2lcc _cB |
||
| 999 |
_c5949 _d5949 |
||